000 02083nam a22004457a 4500
001 8151
003 FISKH
005 20250828161806.0
008 250828b cb ||||| |||| 00| 0 eng d
020 _a9780956627698
_qpbk
020 _a0956627692
_qpbk
035 _a18185519
040 _aDLC
_beng
_erda
_cDLC
050 0 0 _aPZ7.R25576
_bTr 2011
082 _a 823
100 1 _aReeve, Philip.
245 1 0 _aTraction City /
_cPhilip Reeve ; with illustrations by the author. The teacher's tales of terror / Chris Priestley.
260 _aLondon :
_bScholastic,
_c2011.
300 _a58, 54 pages :
_billustrations ;
_c18 cm
338 _avolume
_bnc
_2rdacarrier
490 0 _aWorld of mortal engines
500 _a"This book has been specially written and published for World Book Day 2011."
500 _aTitles from separate title pages; works issued back-to-back and inverted.
520 _aIn a dangerous future world where gigantic, traction-powered cities attack and devour each other, London hunts where no other predator dares. Hidden in its vast superstructure is a murderous creature that severs the right hands of its victims. A rebellious young aviatrix and a secretive scavenger boy are about to come face to face with a robotic Stalker that is terrifyingly out of control. This double book for older readers is published for World Book Day 2011, and is available free in exchange for a Ù1.00 WBD voucher, given to every UK school child.
521 8 _a660
_bLexile estimate
521 8 _aR
_bRaz-Plus
650 0 _aHorror tales, English.
650 0 _aChildrens stories, English.
650 0 _aUpside-down books
_vSpecimens.
650 1 _aScience fiction.
650 1 _aHorror stories.
650 1 _aShort stories.
650 1 _aTeachers
_vFiction.
650 1 _aUpside-down books.
655 7 _aFiction.
_2lcgft
_0https://id.loc.gov/authorities/genreForms/gf2014026339
700 1 _aPriestley, Chris,
_d1958-
_tTeacher's tales of terror.
906 _a7
_bcbc
_corigres
_d2
_encip
_f20
_gy-gencatlg
942 _2ddc
_cBK
_n0
999 _c8151
_d8151